000 01013nam a2200301 i 4500
001 000047369
003 DO-SdBNP
005 20250318133443.0
007 ta
008 180509s1987 dr a 000 spa d
040 _aDO-SdBNP
_bspa
_cBNPHU
_erda
041 _aspa
082 4 _a516.22
_bA162f 1987
_222
100 1 _aAbreu Abreu, Francisco
_eautor
_937293
_4aut.
245 1 _aFundamentos de geometría plana /
_cFrancisco Abreu Abreu.
250 _aTercera edición
264 _aSanto Domingo, República Dominicana :
_bEditora Colegiala Quisqueyana,
_c1987.
300 _a272 páginas :
_bilustraciones ;
_c24 cm.
336 _atexto
_btxt
_2rdacontent
337 _asin mediación
_bn
_2rdamedia
338 _avolumen
_bnc
_2rdacarrier
504 _aBibliografía: página 272
590 _aInventariado, 2018/DG
650 7 _aGeometría plana
_2LEMB
_987227
650 7 _aGeometría plana
_vProblemas, ejercicios, etc.
_987229
910 _aValidado. Control de calidad MFF
942 _2ddc
_cLBS1
999 _c46857
_d46857